000 01028cam a22003254i 4500
999 _c46349
_d46349
001 19995
003 CO-MdFUSB
005 20180622170016.0
008 180226t1987 xxu||||g |||| 00| 0 eng d
020 _a0-916134-85-7
040 _aCO-MdFUSB
_bspa
_cCO-MdFUSB
_dCO-MdFUSB
_erda
041 _aeng
082 _224
_aG 265.3
_bJ39p
100 1 _aJasper, R. C. D.
_eautor
242 1 0 _aOraciones de la Eucaristía
_b: tempranas y reformadas
_lIglés
245 1 0 _aPrayers of the Eucharist
_b: Early and reformed
_c/ R. C. D. Jasper, G. J. Cuming
250 _aTercera edición, revisada y ampliada
264 1 _aNew York :
_bPueblo Publishing,
_c℗[1987]
264 4 _c©1987
300 _a314 páginas
_b:
_c24 cm
336 _2rdacontent
_atexto
_btxt
337 _2rdamedia
_asin mediación
_bn
338 _2rdacarrier
_avolumen
_bnc
505 0 0 _aParte I: Temprano -- Parte II: Reformado
563 _aPasta dura
650 7 _9206
_aLiturgia
720 _aCuming, G.J.
942 _cBK